1698 1605 1254 1930 1087 1864 1147 1467 1169 1122 1683 1950 1487 1777 1698 1025 1457 1890 1957 1891 1339 1341 1735 1667 1671 1978 1107 1582 1071 1368 1728 1165 1024 1898 1875 1024 1542 1700 1174 1181 1155 1199 1084 1857 1140 1925 1618 1053 1145 1624 1739 1233 1014 1559 1300 1033 1898 1719 1014 1137 1801 1022 1152 1062 1027 1317 1334 1047 1485 1537 1346 1241 1804 1225 1536 1973 1425 1756 1071 1874 1504 1865 1743 1187 1519 1012 1295 1108 1214 1918 1697 1087 1887 1698 1662 1056 1764 1004 1834 BCNSPRNW ULIB Ver.6.0+V

เปลี่ยนเป็นภาษาไทย

Change to English
 แสดงรายละเอียดบรรณานุกรม
  กลับหน้าหลัก

Brief Record : Get Marc (ISO 2709) : E-mail record : QR code < ปิดหน้าต่าง
LEADER : 00000nam 2200000uu 4500
001    13399128768
003     ULIB
008    240904s2562||||th 000 0 tha d
020    ^a9789742557874
060  0 ^aWA292^bร465ก
100 0  ^aรำแพน พรเทพเกษมสันต์
245 00 ^aการปฐมพยาบาล/^cรำแพน พรเทพเกษมสันต์
246 00 ^aFirst aids
250    ^aพิมพ์ครั้งที่ 3
260    ^aกรุงเทพฯ:^bศิลปาบรรณาคาร,^c2562
300    ^a236 หน้า
650  0 ^aการปฐมพยาบาล
856    ^a^zสารบัญ^uhttps://drive.google.com/file/d/1NSMugDbq6ukMDV_l9w-CRprHxgeWmSR-/view?usp=sharing
945    ^p280^l0^i30224
945    ^p280^l0^i30225
945    ^p280^l0^i30226
999    ^aกัณชพร จุลอักษร
รายการนี้ยังไม่มีแท็ก
คุณยังไม่ได้ล็อกอิน คุณสามารถมีกิจกรรมร่วมกับเว็บไซต์ได้ แต่ต้องล็อกอินก่อน ::
  ล็อกอิน

รายการสื่อสารสนเทศ

ลำดับที่ ประเภท เลขเรียก/บาร์โค้ด สถานที่ สถานะ
1. หนังสือสำรอง
หนังสือสำรอง
WA292 ร465ก ฉ.1 
  Barcode: 30224
ห้องสมุดวิทยาเขตนครสวรรค์
►หนังสือทั่วไป:l:General Books
บนชั้น
2. วิทยาศาสตร์การแพทย์ และสุขภาพ
วิทยาศาสตร์การแพทย์ และสุขภาพ
WA292 ร465ก ฉ.2 
  Barcode: 30225
ห้องสมุดวิทยาเขตนครสวรรค์
►หนังสือทั่วไป:l:General Books
บนชั้น
3. วิทยาศาสตร์การแพทย์ และสุขภาพ
วิทยาศาสตร์การแพทย์ และสุขภาพ
WA292 ร465ก ฉ.3 
  Barcode: 30226
ห้องสมุดวิทยาเขตนครสวรรค์
►หนังสือทั่วไป:l:General Books
บนชั้น

รายการใกล้เคียง
    ผู้แต่ง [รำแพน พรเทพเกษมสันต์]

    หัวเรื่อง [การปฐมพยาบาล]

BibComment


ยังไม่เคยถูกคอมเมนท์

คอมเมนท์ทรัพยากรรายการนี้
  คอมเมนท์: การปฐมพยาบาล รำแ..


 Copyright 2026. Bcnsprnw @Library